001021137 001__ 1021137 001021137 005__ 20251112054258.0 001021137 0247_ $$2ISSN$$a0764-583X 001021137 0247_ $$2ISSN$$a1290-3841 001021137 0247_ $$2ISSN$$a2804-7214 001021137 0247_ $$2ISSN$$a2822-7840 001021137 0247_ $$2SCOPUS$$aSCOPUS:2-s2.0-105020037986 001021137 0247_ $$2WOS$$aWOS:001599636800001 001021137 0247_ $$2doi$$a10.1051/m2an/2025078 001021137 0247_ $$2datacite_doi$$a10.18154/RWTH-2025-09490 001021137 037__ $$aRWTH-2025-09490 001021137 041__ $$aEnglish 001021137 082__ $$a510 001021137 1001_ $$0P:(DE-82)989323$$aPacheco, Douglas R. Q.$$b0$$eCorresponding author$$urwth 001021137 245__ $$aA fully segregated and unconditionally stable IMEX scheme for dispersed multiphase flows$$honline, print 001021137 260__ $$aLes Ulis$$bEDP Sciences$$c2025 001021137 3367_ $$00$$2EndNote$$aJournal Article 001021137 3367_ $$0PUB:(DE-HGF)16$$2PUB:(DE-HGF)$$aJournal Article$$bjournal$$mjournal 001021137 3367_ $$2BibTeX$$aARTICLE 001021137 3367_ $$2DRIVER$$aarticle 001021137 3367_ $$2DataCite$$aOutput Types/Journal article 001021137 3367_ $$2ORCID$$aJOURNAL_ARTICLE 001021137 588__ $$aDataset connected to , , , CrossRef, Journals: publications.rwth-aachen.de 001021137 591__ $$aGermany 001021137 7001_ $$00000-0002-0541-2544$$aSchussnig, Richard$$b1 001021137 773__ $$0PERI:(DE-600)1485131-3$$a10.1051/m2an/2025078$$n5$$p2863-2893$$tMathematical modelling and numerical analysis$$v59$$x2804-7214$$y2025 001021137 8564_ $$uhttps://publications.rwth-aachen.de/record/1021137/files/1021137.pdf$$yOpenAccess 001021137 909CO $$ooai:publications.rwth-aachen.de:1021137$$popenaire$$popen_access$$pVDB$$pdriver$$pdnbdelivery 001021137 9151_ $$0StatID:(DE-HGF)0031$$2StatID$$aPeer reviewed article$$x0 001021137 915__ $$0StatID:(DE-HGF)0150$$2StatID$$aDBCoverage$$bWeb of Science Core Collection$$d2024-12-18 001021137 915__ $$0StatID:(DE-HGF)0300$$2StatID$$aDBCoverage$$bMedline$$d2024-12-18 001021137 915__ $$0LIC:(DE-HGF)CCBY4$$2HGFVOC$$aCreative Commons Attribution CC BY 4.0 001021137 915__ $$0StatID:(DE-HGF)0600$$2StatID$$aDBCoverage$$bEbsco Academic Search$$d2024-12-18 001021137 915__ $$0StatID:(DE-HGF)0100$$2StatID$$aJCR$$bESAIM-MATH MODEL NUM : 2022$$d2024-12-18 001021137 915__ $$0StatID:(DE-HGF)0113$$2StatID$$aWoS$$bScience Citation Index Expanded$$d2024-12-18 001021137 915__ $$0StatID:(DE-HGF)9900$$2StatID$$aIF < 5$$d2024-12-18 001021137 915__ $$0StatID:(DE-HGF)0510$$2StatID$$aOpenAccess 001021137 915__ $$0StatID:(DE-HGF)0030$$2StatID$$aPeer Review$$bASC$$d2024-12-18 001021137 915__ $$0StatID:(DE-HGF)1150$$2StatID$$aDBCoverage$$bCurrent Contents - Physical, Chemical and Earth Sciences$$d2024-12-18 001021137 915__ $$0StatID:(DE-HGF)0160$$2StatID$$aDBCoverage$$bEssential Science Indicators$$d2024-12-18 001021137 915__ $$0StatID:(DE-HGF)0200$$2StatID$$aDBCoverage$$bSCOPUS$$d2024-12-18 001021137 915__ $$0StatID:(DE-HGF)0420$$2StatID$$aNationallizenz$$d2024-12-18$$wger 001021137 915__ $$0StatID:(DE-HGF)0199$$2StatID$$aDBCoverage$$bClarivate Analytics Master Journal List$$d2024-12-18 001021137 9141_ $$y2025 001021137 9101_ $$0I:(DE-588b)36225-6$$6P:(DE-82)989323$$aRWTH Aachen$$b0$$kRWTH 001021137 9201_ $$0I:(DE-82)416010_20140620$$k416010$$lLehrstuhl für Computergestützte Analyse technischer Systeme$$x0 001021137 9201_ $$0I:(DE-82)080031_20200305$$k080031$$lJARA-CSD (Center for Simulation and Data Science)$$x1 001021137 9201_ $$0I:(DE-82)422410_20210811$$k422410$$lLehrstuhl für Methoden der Modellbasierten Entwicklung in den Computergestützten Ingenieurwissenschaften$$x2 001021137 961__ $$c2025-11-11T08:36:39.907671$$x2025-11-11T08:36:39.907671$$z2025-11-11T08:36:39.907671 001021137 980__ $$aI:(DE-82)080031_20200305 001021137 980__ $$aI:(DE-82)416010_20140620 001021137 980__ $$aI:(DE-82)422410_20210811 001021137 980__ $$aUNRESTRICTED 001021137 980__ $$aVDB 001021137 980__ $$ajournal 001021137 9801_ $$aFullTexts